Εθνολογία περιοδική έκδοση της Ελληνικής Εταιρείας Εθνολογίας = Ethnologhia : revue de la societe Grecque d' ethnologie = Ethnologhia : journal of the Greek Society for Ethnology
Saved in:
| Corporate Author: | |
|---|---|
| Format: | Serial |
| Language: | Greek |
| Published: |
Αθήνα :
Ελληνική Εταιρεία Εθνολογίας,
1992-2001.
|
| Subjects: | |
| Tags: |
Add Tag
No Tags, Be the first to tag this record!
|
MARC
| LEADER | 00000nas a2200000 i 4500 | ||
|---|---|---|---|
| 001 | 1/78432 | ||
| 008 | 080321d19922001gr r r | |gre|| | ||
| 022 | |a 11060972 | ||
| 035 | |l 10095731 | ||
| 040 | |a GR-MY-UA |b gre |e aacr | ||
| 041 | 0 | |a gre | |
| 082 | 0 | |a 305.8 | |
| 110 | 2 | |a Ελληνική Εταιρεία Εθνολογίας. | |
| 245 | 1 | 0 | |a Εθνολογία |h [περιοδικό] : |b περιοδική έκδοση της Ελληνικής Εταιρείας Εθνολογίας = Ethnologhia : revue de la societe Grecque d' ethnologie = Ethnologhia : journal of the Greek Society for Ethnology / |c Ελληνική Εταιρεία Εθνολογίας. |
| 246 | 2 | 1 | |a Ethnologhia [περιοδικό] |b revue de la societe Grecque d' ethnologie; journal of the Greek Society for Ethnology |
| 246 | 2 | 1 | |a Ethnologhia [περιοδικό] |
| 260 | |a Αθήνα : |b Ελληνική Εταιρεία Εθνολογίας, |c 1992-2001. | ||
| 300 | |a 9 τ. ; |c 24 εκ. | ||
| 310 | |a Ετήσιο, |b 1992-2001 | ||
| 500 | |a Η έκδοση σταμάτησε στον τόμο 9 (2001) | ||
| 650 | 0 | 0 | |a Ethnology |z Greece. |
| 853 | |a INST |b LESVOS |c SER |h 305.8 | ||
| 901 | |a BIBL1-2008-1 | ||
| 920 | |a ΔΩΡΕΑ ΒΙΒΛΙΟΘΗΚΗΣ |y Λέσβος |z 2007-06 | ||
| 970 | |a ΤΖΑΦΕΡΗ |b ΕΥΑΓΓΕΛΙΑ |z 2008/03/21 | ||